000 00956nam a2200289 i 4500
001 8383
003 KOSZ 005
005 20241030062918.0
008 070921s1969 pl a f 000 0 pol
015 _aPB 1969/8547
040 _aWA N
_cKOSZ 005/RW
_dKOSZ 005/RW
_dKOSZ 005/HR
046 _k1969
080 _a69:725.1:66/69
100 1 _aRobakiewicz, Maciej
_eAutor
245 1 0 _aEkonomika projektowania budynków przemysłowych /
_cMaciej Robakiewicz.
260 _aWarszawa :
_bArkady,
_c1969.
300 _a187, [1] s., [1] k. tabl. :
_bil. ;
_c24 cm.
380 _aKsiążki.
388 _a1901-2000
504 _aBibliogr. s. 181-[186].
658 _aArchitektura i budownictwo
650 4 _aProjektowanie
650 4 _aBudownictwo przemysłowe
710 2 _aWydawnictwo "Arkady".
_4pbl.
856 _uhttp://koha.tu.koszalin.pl/cgi-bin/koha/opac-detail.pl?biblionumber=8383
_yKatalog online BPK
942 _2UKD
_cKS
999 _c8383
_d8383